College Quizbowl Stats
College Quizbowl Stats
Circuits
Seasons
Sets
Records
Detailed Stats
About
Loading...
2024 ACF Winter at Oxford
Tossups
Bonuses
Players
Teams
Categories (Tossup)
Categories (Bonus)
Joel Dicker
Southampton B
Categories
Category
Powers
Gets
Negs
BBs
Points
Earliest Buzz
Avg. Buzz
First Buzzes
Top 3 Buzzes
BPA
PVF
Science - Biology
0
4
1
1
35
66
93.50
0
0
0.00
0.00
Science - Chemistry
0
3
1
1
25
63
97.00
0
1
0.00
0.00
Philosophy
0
1
0
0
10
121
121.00
0
0
0.00
0.00
Social Science
0
1
0
1
10
105
105.00
0
0
0.00
0.00
Buzzes
Category
Answer
Value
Buzz Position
Science - Chemistry
molecules
-5
55
Science - Chemistry
aldehyde
10
63
Science - Biology
bile
10
66
Science - Biology
stem cells
10
91
Science - Biology
DNA sequencing
10
103
Social Science
depression
10
105
Science - Chemistry
two
10
113
Science - Biology
hippocampus
-5
113
Science - Biology
plant roots
10
114
Science - Chemistry
ideal gas constant
10
115
Previous
1
2
Next